Cent verbes conjugués en français médiéval (notice n° 1567353)
[ vue normale ]
| 000 -LEADER | |
|---|---|
| fixed length control field | 01009cam a2200145 4500500 |
| 005 - DATE AND TIME OF LATEST TRANSACTION | |
| control field | 20251214002714.0 |
| 041 ## - LANGUAGE CODE | |
| Language code of text/sound track or separate title | fre |
| 042 ## - AUTHENTICATION CODE | |
| Authentication code | dc |
| 100 10 - MAIN ENTRY--PERSONAL NAME | |
| Personal name | Bragantini-Maillard, Nathalie |
| Relator term | author |
| 245 00 - TITLE STATEMENT | |
| Title | Cent verbes conjugués en français médiéval |
| 260 ## - PUBLICATION, DISTRIBUTION, ETC. | |
| Name of publisher, distributor, etc. | Armand Colin,<br/> |
| Date of publication, distribution, etc. | 2012.<br/> |
| 520 ## - SUMMARY, ETC. | |
| Summary, etc. | Cet ouvrage est un recueil de tableaux de conjugaison, à la manière du Bescherelle du français moderne qui permet d'identifier une forme verbale rapidement et précisément. Les étudiants et les candidats aux concours pourront mieux appréhender les spécificités du verbe en ancien et moyen français et faire face à la grande variété formelle et régionale du français médiéval. Sans oublier les enseignants chercheurs qui disposeront enfin d’un ouvrage-repère facile d’emploi, véritable aide-mémoire. |
| 700 10 - ADDED ENTRY--PERSONAL NAME | |
| Personal name | Denoyelle, Corinne |
| Relator term | author |
| 856 41 - ELECTRONIC LOCATION AND ACCESS | |
| Uniform Resource Identifier | <a href="https://shs.cairn.info/cent-verbes-conjugues-en-francais-medieval--9782200274429?lang=fr&redirect-ssocas=7080">https://shs.cairn.info/cent-verbes-conjugues-en-francais-medieval--9782200274429?lang=fr&redirect-ssocas=7080</a> |
Pas d'exemplaire disponible.




Réseaux sociaux